[Event "GER-ch U25"]
[Site "Willingen"]
[Date "2005.05.19"]
[Round "8"]
[White "Fabritius, Norbert"]
[Black "Reps, Dirk"]
[Result "1/2-1/2"]
[WhiteElo "1321"]
[BlackElo "1665"]
[PlyCount "73"]
[EventDate "2005.05.14"]
[EventType "swiss"]
[EventRounds "9"]
[EventCountry "GER"]
[SourceTitle "CBM 106 Extra"]
[Source "ChessBase"]
[SourceDate "2005.07.01"]
[SourceVersion "1"]
[SourceVersionDate "2005.07.01"]
[SourceQuality "1"]

1. Nf3 c5 2. e4 e6 3. Nc3 a6 4. d4 cxd4 5. Qxd4 Nc6 6. Qe3 Qc7 7. Bc4 b5 8. Bb3 Nf6 9. h3 d6 10. 0-0 Bb7 11. Nd2 Na5 12. Kh1 Nxb3 13. cxb3 d5 14. exd5 Nxd5 15. Nxd5 Bxd5 16. Nf3 Qc6 17. Bd2 Bxf3 18. Qxf3 Qxf3 19. gxf3 Rc8 20. Rac1 Rxc1 21. Rxc1 Kd7 22. Bf4 g5 23. Bxg5 Bg7 24. Rc2 Rc8 25. Rxc8 Kxc8 26. Bc1 Kd7 27. Kg2 Kd6 28. Kf1 Kd5 29. Ke2 Bd4 30. f4 Ke4 31. f3+ Kd5 32. Kd3 Bf6 33. b4 Bg7 34. b3 Bf6 35. a4 Be7 36. Bd2 Bd6 37. Kc3 1/2-1/2

[Event "Karl Mala Memorial op 08th"]
[Site "Frankfurt"]
[Date "2004.07.25"]
[Round "7"]
[White "Fabritius, Norbert"]
[Black "Pruefert, Franziska"]
[Result "1-0"]
[WhiteElo "1298"]
[BlackElo "1015"]
[PlyCount "53"]
[EventDate "2004.07.22"]
[EventType "swiss"]
[EventRounds "7"]
[EventCountry "GER"]
[SourceTitle "EXT 2005"]
[Source "ChessBase"]
[SourceDate "2004.11.15"]
[SourceVersion "1"]
[SourceVersionDate "2004.11.15"]
[SourceQuality "1"]

1. Nf3 d6 2. d4 g6 3. b3 Bg7 4. Bb2 Bf5 5. e3 a6 6. c4 Nf6 7. Nc3 Nc6 8. Bd3 Qd7 9. 0-0 Bxd3 10. Qxd3 0-0 11. Ba3 e5 12. Rad1 Rfd8 13. dxe5 Nxe5 14. Qe2 Nxf3+ 15. Qxf3 b5 16. c5 Ne8 17. Nd5 Qe6 18. cxd6 Nxd6 19. Nxc7 Qf5 20. Nxa8 Qxf3 21. gxf3 Rxa8 22. Rxd6 Bf8 23. Rfd1 Bxd6 24. Rxd6 a5 25. Rd5 b4 26. Bb2 h5 27. Bf6 1-0